000 02083cam a2200241 4500500
005 20260208005210.0
041 _afre
042 _adc
100 1 0 _aSikora, Dorota
_eauthor
245 0 0 _aModélisation de connaissances lexicales dans une ressource lexicale
260 _c2017.
500 _a60
520 _aDécouvrir le lexique d’une langue, c’est à la fois accéder au sens et maîtriser le fonctionnement d’unités lexicales (lexies) dans les relations (formelles, paradigmatiques, syntagmatiques, associatives, etc.) qu’elles tissent entre elles. Comment décrire, dans une ressource dictionnairique, cet énorme réseau, tout en apportant des informations relatives à des lexies particulières ? L’article présente la structure informationnelle de la base de données Réseau Lexical du Français (RL-fr), ressource qui constitue l’implémentation du modèle de type système lexical (Polguère 2014, 2016). Dans une deuxième partie, nous discutons des exploitations possibles du RL-fr.
520 _aExploring lexicon implies access to the meaning of lexical units, as well as mastery of a whole set of formal, paradigmatic, syntagmatic or simply associative relations between them. Thus, how can a lexical resource manage to account for the global structure of the lexicon on the one hand, providing detailed lexicographic description of single lexical units on the other? With such a double perspective, the paper discusses the data structure encoded in the French Lexical Network (RL-fr), resource that implements lexical system model (Polguère 2014, 2016). Further, a handful of its possible applications are considered.
690 _aconnaissances lexicales
690 _amodèles lexicaux
690 _aressources
690 _alexical knowledge
690 _alexical system
690 _aresources
786 0 _nRevue française de linguistique appliquée | XXII | 1 | 2017-05-30 | p. 61-74 | 1386-1204
856 4 1 _uhttps://shs.cairn.info/revue-francaise-de-linguistique-appliquee-2017-1-page-61?lang=fr&redirect-ssocas=7080
999 _c1650986
_d1650986